000 00968nam a2200241Ia 4500
003 GCL
005 20240530102252.0
008 140319s9999 xx 000 0 ara d
020 _a9770137014
040 _aGCL /
_cGCL
082 0 4 _a071.962
_bق/ع ت
100 1 _aعبدالله النديم
245 1 0 _aالتنكيت والتبكيت /
_cعبدالله النديم ؛ تقديم عبدالعزيز رمضان ؛ دراسة تحليلية عبدالمنعم ابراهيم الجميعى
260 _aالقاهرة :
_bالهيئة المصرية العامة للكتاب ،
_c1994
300 _a354 ص؛
_c24 سم
490 _aمركز وثائق وتاريخ مصر المعاصر
650 0 4 _aالصحافة المصرية
650 0 4 _aالاحتلال البريطانى
650 0 4 _aالدوريات
700 0 _aعبدالمنعم ابراهيم الجميعى
700 0 _aعبدالعظيم رمضان
_eمقدم
942 _2ddc
_cBK
999 _c31042
_d31042